• 首页
  • 本馆介绍
  • 公告通知
  • 最新文献
  • 馆藏检索
  • 电子资源
  • 读者导购
  • 参考咨询
  • 我的图书馆
  • 登录
  • 详细信息显示
  • 放入我的书架
  • 预约/预借图书
  • 作者相关作品
  • 分类相关作品
  • 丛书相关作品
  • 出版社相关作品

书目信息

  • 表格格式
  • 工作单格式
  • 卡片格式
题名:
代数数论
    
 
作者: 潘承洞 , 潘承彪 著
分册:  
出版信息: 济南   山东大学出版社  2001
页数: 437页
开本: 21cm
丛书名:
单 册:
中图分类: O156.2
科图分类:
主题词: 代数数论
电子资源:
ISBN: 7-5607-0393-3
000 00769nam0 2200241 450
001 1572423006
005 20150130091131.50
010    @a7-5607-0393-3@dCNY19.80
100    @a20020315d2001 em y0chiy0110 ea
101 0  @achi
102    @aCN@b370000
105    @ay z 001yy
200 1  @a代数数论@9dai shu shu lun@f潘承洞,潘承彪著
205    @a2版
210    @a济南@c山东大学出版社@d2001
215    @a437页@d21cm
330    @a本书在初等数论的基础与观点之上,以尽可能少的抽象代数概念与方法来具体地介绍代数数论中最经典、最基本、因而也是最初等的内容。
606 0  @a代数数论
690    @aO156.2@v5
701  0 @a潘承洞@9pan cheng dong@f(1934.4~)@4著
701  0 @a潘承彪@9pan cheng biao@f(1938~)@4著
801  0 @aCN@bTSSF@c20150130
905    @aZUCC@dO156.2@eJY139=2
    
    代数数论/潘承洞,潘承彪著.-2版.-济南:山东大学出版社,2001
    437页;21cm
    
    
    ISBN 7-5607-0393-3:CNY19.80
    本书在初等数论的基础与观点之上,以尽可能少的抽象代数概念与方法来具体地介绍代数数论中最经典、最基本、因而也是最初等的内容。
●
相关链接 在E读中查询图书 在五车中查询图书 在当当中查询图书 在豆瓣中查询图书


正题名:代数数论     索取号:O156.2/JY139=2         预约/预借

序号 登录号 条形码 馆藏地/架位号 状态 备注
1 7862742   278627425   学院路分馆/ [索取号:O156.2/JY139=2] 在馆    
唐山师范学院图书馆 欢迎您!
大连网信软件有限公司© 版权所有